01118 2200385 4500001002100000005001500021035002000036007000300056040001600059100002800075245008200103250001800185300003500203504002900238020002200267041000800289082000800297090002200305264003500327336002100362337003000383338002300413650002700436850001000463008004100473500003300514700003900547990002100586990001700607990001700624990002100641990002400662990002100686990002500707INLIS00000000000444620260525115906 a0010-0122000078ta aSPBUPDbind0 aWahyu WibowoePengarang1 aPiawai Menembus Jurnal Terakreditasi /cWahyu Wibowo; editor, Fatna Yustianti aEd. 1, Cet. 1 axx,182 Hal. :billus. ;c21 cm abibliografi, hlm 189-195 a978-979-010-441-9 aind a050 a020 ZUL m L 1-15 aJakarta :bBumi Aksara,c2008. 2rdacontentaTeks 2rdamediaaTanpa Perantara 2rdacarrieravolume 4aPiawai Menembus Jurnal aPUPAD260525 0  aProfile Penulis, hlm 197-199 aeditor, Fatna YustiantiePengarang a599/BR/KAPD/2011 a12731/H/2010 a12733/H-2010 a598/Br/KAPD/2011 a12.732/Br/KAPD/2011 a601/Br/KAPD/2011 a22.186/KAPD/PDG/2016